00227nam a2200085Ia 4500008004100000100002600041245002300067260004200090260000900132170620s9999 xx 000 0 und d aNarasaiah- M. Lakshmi 0aNGOs and Education bNew Delhi- Discovery Publishing House c2007